• 首页
  • 本馆介绍
  • 公告通知
  • 最新文献
  • 馆藏检索
  • 电子资源
  • 读者导购
  • 参考咨询
  • 我的图书馆
  • 登录
  • 详细信息显示
  • 放入我的书架
  • 预约/预借图书
  • 作者相关作品
  • 分类相关作品
  • 丛书相关作品
  • 出版社相关作品

书目信息

  • 表格格式
  • 工作单格式
  • 卡片格式
书名: A reader's guide to fifty American novels
作者: by Ian Ousby
分册号:
分册名:
出版地: London :
 
出版社: Heinemann
出版时间: 1979.
页数: 351 p. ;
开本: 21 cm.
丛书名:
中图分类号:
科图分类号:
其他分类号: H319-62
主题词:
电子资源:
000 01211nam 2200349 a 4500
001 E0751190559
005 20070225141326.81
008 uu
008 800424r19791979enk 00110 eng
010    @a79053437 //r912
015    @aGB***
020    @a0064953181 :@c£5.50 ($16.50 U.S.).
040    @aDLC @cDLC @dDLC
043    @an-us---
049    @aN5LA
050 00 @aPS371 @b.O77 1979b
082 00 @a813/.009
090    @a2/I712.074/OI/////935993
090    @aH319-62
096    @aI712.074 @v2
099    @dH319-62@ex3
100 10 @aOusby, Ian, @d1947-
240 10 @aIntroduction to fifty American novels
245 12 @aA reader's guide to fifty American novels / @cby Ian Ousby
260 0  @aLondon :@bHeinemann ;@aNew York :@bBarnes & Noble,@c1979.
300    @a351 p. ;@c21 cm.
490 0  @aReaders guide series
500    @aIncludes index.
500    @aFirst published in 1979 by Pan Books under title: An introduction to fifty American novels.
650  0 @aAmerican fiction @xStories, plots, etc. @b00 @c20020930 @lNLC09 @h2248 @lNLC09 @h2318 @lNLC09 @h1909
650  0 @aAmerican fiction @xHandbooks, manuals, etc.
852 9  @bWWJC @cJ08S @k2 @hI712.074 @iOI
    
    A reader's guide to fifty American novels / / by Ian Ousby.-London : : Heinemann ; ; New York : : Barnes & Noble, , 1979.
    351 p. ; ; 21 cm.- (Readers guide series )
    Includes index.-First published in 1979 by Pan Books under title: An introduction to fifty American novels.
    
    ISBN 0064953181 :£5.50 ($16.50 U.S.).
    
●
相关链接 在E读中查询图书 在五车中查询图书 在当当中查询图书 在豆瓣中查询图书


正题名:reader's guide to fifty American novels     索取号:H319-62/x3         预约/预借

序号 登录号 条形码 馆藏地/架位号 状态 备注
1 180425   001200328   第四借阅区/ [索取号:H319-62/x3] 在馆    
2 180426   001200319   第四借阅区/ [索取号:H319-62/x3] 在馆    
3 180427   001200300   第四借阅区/ [索取号:H319-62/x3] 在馆    
4 180428   001200284   第四借阅区/ [索取号:H319-62/x3] 在馆    
5 180429   001200257   第四借阅区/ [索取号:H319-62/x3] 在馆    
6 180430   001200293   第四借阅区/ [索取号:H319-62/x3] 在馆    
7 180431   202139060   第二样本阅览室/ [索取号:H319-62/x3] 在馆    
唐山师范学院图书馆 欢迎您!
大连网信软件有限公司© 版权所有